| 000 | 00344nam a22001337a 4500 | ||
|---|---|---|---|
| 008 | 230620b xxu||||| |||| 00| 0 eng d | ||
| 082 |
_a320.9 _bCRO |
||
| 100 | _cArnold Hughes, Vicky Randall | ||
| 245 | _aCommonwealth & Comparative Politics | ||
| 260 |
_bTaylor & Francis Ltd _c2004 |
||
| 300 | _a167p | ||
| 440 | _vVolume 39 | ||
| 942 |
_2ddc _cBK |
||
| 999 |
_c1544 _d1544 |
||